Schnelle Mathematik: Vielfachen von 20 - Statistiken

Allgemein
  • Dieses Quiz wurde 287 mal gespielt
  • Das Durchschnittsergebnis liegt bei 9 aus 10
Antwortstatistiken
Hint Antwort % Korrekt
1*20 20
100%
2*20 40
100%
3*20 60
99%
4*20 80
99%
5*20 100
97%
6*20 120
96%
7*20 140
93%
8*20 160
92%
9*20 180
88%
10*20 200
83%
Keine übereinstimmenden Quizze gefunden
Verteilung der Resultate
Anzahl Personen mit jedem Resultat
Perzentil nach korrekt beantworteten Fragen
Ihre Resultats-Entwicklung
Sie haben dieses Quiz noch nicht gespielt